[Event "friends of jacob"]
[Site "SchemingMind.com"]
[Date "2010.10.21"]
[Round "-"]
[White "Phillip Beckett"]
[Black "yoponz"]
[Result "1/2-1/2"]
[WhiteCountry "ENG"]
[BlackCountry "ENG"]
[WhiteElo "1694"]
[WhiteRD "52"]
[BlackElo "1413"]
[BlackRD "72"]
[GameID "264175"]

1. d4 d5 2. Nf3 Bg4 3. e3 Nc6 4. Be2 f6 5. h3 Bxf3 6. Bxf3 e5 7. dxe5 fxe5 8. Qxd5 Qxd5 9. Bxd5 Nf6 10. Bxc6+ bxc6
11. Nc3 Bb4 12. Bd2 O-O 13. a3 Bxc3 14. Bxc3 Rfe8 15. O-O-O Ne4 16. Rhf1 Nxc3 17. bxc3 Rab8 18. Rd7 Rbc8 19. Rfd1 e4 20. R1d4 h6
21. Ra4 Rf8 22. Rxa7 Rxf2 23. Raxc7 Rxc7 24. Rxc7 Rxg2 25. Rxc6 Rg1+ 26. Kb2 Rg3 27. a4 Rxe3 28. a5 Rf3 29. a6 Rf7 30. Rb6 Ra7
31. Re6 h5 32. Kb3 g5 33. Rxe4 Rxa6 34. Re5 Rg6 35. c4 g4 36. hxg4 hxg4 37. c5 g3 38. Re1 g2 39. Rg1 Kf7 40. Kb4 Ke7
41. Kb5 Kd7 42. c4 Kc7 43. c6 Rg5+ 44. c5 Rg6=
1/2-1/2

[Event "friends of jacob"]
[Site "SchemingMind.com"]
[Date "2010.10.25"]
[Round "-"]
[White "Jacob"]
[Black "Phillip Beckett"]
[Result "0-1"]
[WhiteCountry "MEX"]
[BlackCountry "ENG"]
[WhiteElo "1256"]
[WhiteRD "121"]
[BlackElo "1629"]
[BlackRD "53"]
[GameID "264324"]

1. e4 c5 2. f4 d6 3. d4 cxd4 4. Qxd4 Nc6 5. Qc4 Nf6 6. e5 dxe5 7. fxe5 Ng4 8. h3 Ngxe5 9. Qb3 g6 10. Bc4 Na5
11. Bxf7+ Nxf7 12. Qb5+ Bd7 13. Qg5 Nxg5 14. Bxg5 Nc4 15. Nf3 Qa5+ 16. c3 Ne5 17. Nbd2 Nd3+ 18. Ke2 Nxb2 19. Rab1 Bb5+ 20. Ke3 Qxc3+
21. Kf2 Nd3+ 22. Ke2 Nf4+ 23. Kf2 e5 24. Bxf4 Bc5+ 25. Kg3 exf4+ 26. Kxf4 O-O+ 27. Kg3 Bc6 28. Rhe1 Qf6 29. Rbc1 Qf4#
0-1

[Event "friends of jacob"]
[Site "SchemingMind.com"]
[Date "2010.10.25"]
[Round "-"]
[White "Jacob"]
[Black "yoponz"]
[Result "0-1"]
[WhiteCountry "MEX"]
[BlackCountry "ENG"]
[WhiteElo "1300"]
[WhiteRD "91"]
[BlackElo "1451"]
[BlackRD "74"]
[GameID "264325"]

1. e4 e6 2. d4 d5 3. exd5 exd5 4. Nc3 Nf6 5. Nf3 Bg4 6. Bg5 Bxf3 7. Bxf6 Bxd1 8. Bxd8 Bxc2 9. Bxc7 Nc6 10. Kd2 Nxd4
11. Nxd5 Rd8 12. Bxd8 Kxd8 13. Kc3 Bc5 14. Be2 Re8 15. Rhe1 Nxe2+ 16. Kxc2 Nd4+ 17. Kd3 Rxe1 18. Rxe1 Kd7 19. Kc4 Nc2 20. Re2 Nd4
21. Re7+ Kc6 22. Rxf7 b5+ 23. Kd3 Kxd5 24. Rxg7 h6
0-1

[Event "friends of jacob"]
[Site "SchemingMind.com"]
[Date "2010.10.25"]
[Round "-"]
[White "Phillip Beckett"]
[Black "Jacob"]
[Result "1-0"]
[WhiteCountry "ENG"]
[BlackCountry "MEX"]
[WhiteElo "1629"]
[WhiteRD "53"]
[BlackElo "1256"]
[BlackRD "121"]
[GameID "264326"]

1. e4 e5 2. Nf3 Nc6 3. Bb5 Nf6 4. d3 a6 5. Ba4 d5 6. exd5 Nxd5 7. O-O Bg4 8. h3 Bxf3 9. Qxf3 Qf6 10. Qxd5 Bd6
11. Bxc6+ bxc6 12. Qxc6+ Ke7 13. Nc3 g5 14. Nd5+ Ke6 15. Nxf6 Kxf6 16. f4 exf4 17. Bxf4 gxf4 18. Rxf4+ Ke5 19. Qe4#
1-0

[Event "friends of jacob"]
[Site "SchemingMind.com"]
[Date "2010.10.25"]
[Round "-"]
[White "yoponz"]
[Black "Jacob"]
[Result "1-0"]
[WhiteCountry "ENG"]
[BlackCountry "MEX"]
[WhiteElo "1451"]
[WhiteRD "74"]
[BlackElo "1300"]
[BlackRD "91"]
[GameID "264327"]

1. e4 e5 2. Nf3 Nc6 3. Bb5 Nf6 4. Bxc6 dxc6 5. Nxe5 Nxe4 6. Qe2 Bf5 7. d3 Nc5 8. Nxc6+ Kd7 9. Nxd8 Rxd8 10. O-O g5
11. Nc3 Bg7 12. d4 Ne4 13. Nxe4 Bxe4 14. Qxe4 f6 15. Qxb7 Rhe8 16. Qxa7 Re7 17. Be3 f5 18. Bxg5 Bxd4 19. Bxe7 Kxe7 20. Qa3+ Kf6
21. Qa6+ Kg7 22. Rfd1 c5 23. Qb7+ Kf6 24. c3 Re8 25. Qc6+ Re6 26. Qc8
1-0

[Event "friends of jacob"]
[Site "SchemingMind.com"]
[Date "2010.10.31"]
[Round "-"]
[White "pclaxton"]
[Black "Phillip Beckett"]
[Result "1-0"]
[WhiteCountry "ENG"]
[BlackCountry "ENG"]
[WhiteElo "1300"]
[WhiteRD "64"]
[BlackElo "1623"]
[BlackRD "53"]
[GameID "265364"]

1. e4 c5 2. d3 d6 3. Be3 Nc6 4. Nf3 g6 5. d4 cxd4 6. Nxd4 Bg7 7. c3 Nf6 8. Bd3 O-O 9. f3 Bd7 10. Nxc6 Bxc6
11. O-O a6 12. b3 b5 13. c4 Nxe4 14. fxe4 Bxa1 15. Bg5 Bd4+ 16. Kh1 f6 17. Bh6 Rf7 18. h3 Qc8 19. a4 f5 20. cxb5 axb5
21. axb5 Bb7 22. Bc4 e6 23. Qxd4 d5 24. exd5 exd5 25. Bxd5 Bxd5 26. Qxd5 Qd8 27. Qe6 Qe7 28. Qc6 Qa7 29. b6 Qb8 30. Nc3 Rb7
31. Nd5 Qc8 32. Qf6 Qd7 33. Nf4 Qf7 34. Qc6 Rab8 35. Nd5 Qe8 36. Qxe8+ Rxe8 37. Nf6+
1-0

[Event "friends of jacob"]
[Site "SchemingMind.com"]
[Date "2010.11.02"]
[Round "-"]
[White "pclaxton"]
[Black "yoponz"]
[Result "0-1"]
[WhiteCountry "ENG"]
[BlackCountry "ENG"]
[WhiteElo "1351"]
[WhiteRD "58"]
[BlackElo "1413"]
[BlackRD "72"]
[GameID "265365"]

1. d4 Nc6 2. e3 e5 3. Nf3 exd4 4. exd4 d5 5. c4 Nf6 6. Bg5 Bg4 7. cxd5 Bxf3 8. Qxf3 Nxd4 9. Qd3 Qxd5 10. Nc3 Qxg5
11. Qxd4 Bc5 12. Qa4+ c6 13. Rc1 Qxc1+ 14. Ke2 Qxb2+ 15. Kd3 Rd8+ 16. Kc4 Rd4+ 17. Kxc5 Qxc3+ 18. Qc4 Rxc4+ 19. Bxc4 Ne4#
0-1

[Event "friends of jacob"]
[Site "SchemingMind.com"]
[Date "2010.11.05"]
[Round "-"]
[White "pclaxton"]
[Black "Jacob"]
[Result "1-0"]
[WhiteCountry "ENG"]
[BlackCountry "MEX"]
[WhiteElo "1351"]
[WhiteRD "58"]
[BlackElo "1338"]
[BlackRD "105"]
[GameID "265366"]

1. e4 e5 2. Nf3 Nc6 3. d4 d5 4. Bd3 Be6 5. dxe5 Bc5 6. exd5 Bxd5 7. Bb5 Qf6 8. exf6 gxf6 9. Qxd5 Bd6 10. Bxc6+ bxc6
11. Qxc6+ Ke7 12. Qxa8 f5 13. Qxa7 Nf6 14. O-O h5 15. Re1+ Ne4 16. Be3 h4 17. g3 hxg3 18. fxg3 Rg8 19. Bb6 f4 20. Kg2 fxg3
21. hxg3 Rxg3+ 22. Kh1 Rxf3 23. Rxe4+ Kf6 24. Kg2 Rg3+ 25. Kf1 Rf3+ 26. Bf2 Kf5 27. Rc4 c5 28. Qxf7+ Ke5 29. Qxf3 Be7 30. Qe4+ Kf6
31. Bh4+ Kf7 32. Qxe7+ Kg6 33. Rxc5 Kh6 34. Qf6+ Kh7 35. Rc7+ Kg8 36. Qd8#
1-0

[Event "friends of jacob"]
[Site "SchemingMind.com"]
[Date "2010.11.01"]
[Round "-"]
[White "Phillip Beckett"]
[Black "pclaxton"]
[Result "1-0"]
[WhiteCountry "ENG"]
[BlackCountry "ENG"]
[WhiteElo "1629"]
[WhiteRD "53"]
[BlackElo "1261"]
[BlackRD "60"]
[GameID "265367"]

1. e4 f6 2. d4 d6 3. Nf3 e5 4. dxe5 dxe5 5. Qxd8+ Kxd8 6. Be3 b6 7. Nc3 Nc6 8. O-O-O+ Bd6 9. Bb5 Nb4 10. a3 Na6
11. Bc6 Rb8 12. Nb5 Ne7 13. Nxa7 Rf8 14. Rd2 Bb7 15. Bxb7 Rxb7 16. Nb5 Kd7 17. Rhd1 Nc8 18. Nxd6 Nxd6 19. c4 c5 20. Rxd6+ Ke7
21. Rc6 Rd8 22. Rxd8 Kxd8 23. Rd6+ Ke7 24. Rd1 g6 25. Ne1 f5 26. exf5 gxf5 27. Nd3 e4 28. Bg5+ Kf7 29. Ne5+ Ke6 30. f4 h5
31. Rd8 Nc7 32. Rd7 e3 33. Re7+ Kd6 34. Nf3 e2 35. Rxe2 Rb8 36. Rd2+ Ke6 37. Re2+ Kd6 38. Bf6 Ne8 39. Be5+ Kd7 40. Bxb8 Nf6
41. Ne5+ Kc8 42. Bd6 h4 43. Be7 Ne8 44. Bxh4 Nd6 45. b4 cxb4 46. axb4 Kc7 47. c5 bxc5 48. bxc5 Nb7 49. h3 Nxc5 50. Rc2 Kd6
51. Be7+ Kxe7 52. Rxc5 Kd6 53. Rc6+ Kd5 54. Rc4 Ke6 55. Kd2 Kf6 56. Rc6+ Ke7 57. g4 fxg4 58. hxg4 Ke8 59. Rc7 Kd8 60. Ra7 Ke8
61. g5 Kf8 62. g6 Kg8 63. g7 Kh7 64. g8=Q+ Kxg8 65. Kd3 Kf8 66. Ke4 Ke8 67. Kd5 Kd8 68. Kc6 Kc8 69. Ra8#
1-0

[Event "friends of jacob"]
[Site "SchemingMind.com"]
[Date "2010.11.03"]
[Round "-"]
[White "yoponz"]
[Black "pclaxton"]
[Result "1-0"]
[WhiteCountry "ENG"]
[BlackCountry "ENG"]
[WhiteElo "1413"]
[WhiteRD "72"]
[BlackElo "1351"]
[BlackRD "58"]
[GameID "265368"]

1. Nf3 d6 2. e4 e5 3. d4 Bg4 4. Be2 Bxf3 5. Bxf3 c5 6. dxc5 Nc6 7. cxd6 Bxd6 8. Nc3 f6 9. Nb5 Bb4+ 10. Kf1 Qb6
11. c3 Qxb5+ 12. Be2 Qc5 13. cxb4 Nxb4 14. f4 Rd8 15. Qb3 Nc2 16. Rb1 Nd4 17. Be3 b6 18. Bxd4 Qxd4 19. Qb5+ Rd7 20. Rd1 Qxd1+
21. Bxd1 Kd8 22. Ba4 Rd4 23. Kf2 Rxe4 24. Qd7#
1-0

[Event "friends of jacob"]
[Site "SchemingMind.com"]
[Date "2010.11.05"]
[Round "-"]
[White "Jacob"]
[Black "pclaxton"]
[Result "1-0"]
[WhiteCountry "MEX"]
[BlackCountry "ENG"]
[WhiteElo "1256"]
[WhiteRD "121"]
[BlackElo "1261"]
[BlackRD "60"]
[GameID "265369"]

1. e4 e5 2. Nf3 Nc6 3. Nc3 d6 4. Bb5 f6 5. Bxc6+ bxc6 6. d4 Bg4 7. dxe5 fxe5 8. Be3 Ne7 9. Bg5 h6 10. Bxe7 Bxe7
11. Qd3 c5 12. O-O-O Bg5+ 13. Nxg5 Qxg5+ 14. Qd2 Bxd1 15. Rxd1 Qxg2 16. Nd5 Rc8 17. Qe2 Qxh2 18. Qb5+ c6 19. Qb7 Kd8 20. Qxg7 Re8
21. Nb6 axb6 22. Rxd6#
1-0

[Event "friends of jacob"]
[Site "SchemingMind.com"]
[Date "2010.11.02"]
[Round "-"]
[White "tom claxton"]
[Black "Phillip Beckett"]
[Result "0-1"]
[WhiteCountry "ENG"]
[BlackCountry "ENG"]
[WhiteElo "1438"]
[WhiteRD "59"]
[BlackElo "1623"]
[BlackRD "53"]
[GameID "265437"]

1. e4 c5 2. Bc4 d6 3. Nf3 Nf6 4. d3 g6 5. Ng5 e6 6. Qf3 Bg7 7. Bf4 O-O 8. e5 Nd5 9. exd6 Nxf4 10. Qxf4 Nc6
11. Qh4 h6 12. Ne4 Qxh4 13. c3 f5 14. Nxc5 Ne5 15. Bxe6+ Bxe6 16. Nxe6 Nxd3+ 17. Kd1 Nxf2+ 18. Kc2 Qe4+ 19. Kb3 Qxe6+ 20. c4 b5
21. Nd2 bxc4+ 22. Nxc4 Rab8+ 23. Ka3 Qxc4 24. Rhc1 Qb4#
0-1

[Event "friends of jacob"]
[Site "SchemingMind.com"]
[Date "2010.11.02"]
[Round "-"]
[White "tom claxton"]
[Black "yoponz"]
[Result "0-1"]
[WhiteCountry "ENG"]
[BlackCountry "ENG"]
[WhiteElo "1413"]
[WhiteRD "56"]
[BlackElo "1469"]
[BlackRD "71"]
[GameID "265438"]

1. d4 d5 2. Nc3 Nf6 3. Nf3 Nc6 4. Ne5 Qd6 5. Bf4 Qe6 6. e3 Ne4 7. Nxe4 dxe4 8. Bc4 Qf6 9. Nxf7 Rg8 10. Bxc7 Be6
11. Bxe6 Qxe6 12. Ng5 Qd7 13. Bg3 Qf5 14. Nh3 Rd8 15. Bc7 Rd7 16. Bf4 e5 17. dxe5 Rxd1+ 18. Rxd1 Nxe5 19. Bxe5 Qxe5 20. c3 Bd6
21. g3 Rf8 22. O-O Qb5 23. Rxd6 Qxb2 24. Re6+ Kd8 25. Rd1+ Kc8 26. Re7 Qxc3 27. Nf4 Qc2 28. Rd5 Qxa2 29. Rd6 Rd8 30. Rde6 Qa4
31. Rxe4 Qd1+ 32. Kg2 b5 33. Ne6 Rd7 34. Re8+ Kb7 35. Nc5+ Kc7 36. Nxd7 Kxd7 37. Rb8 Qd5 38. Kf3 Kc7 39. Re8 b4 40. Re7+ Kb6
41. Rxg7 b3 42. Kf4 Qd6+ 43. Kg4 b2 44. Rg8 b1=Q 45. Kf3 Qbd1+ 46. Kg2 Q6d5 47. Re8 Qa4 48. Kf3 Qxe8 49. Ke2 Qexe4 50. Kf1 Qd1#
0-1

[Event "friends of jacob"]
[Site "SchemingMind.com"]
[Date "2010.11.01"]
[Round "-"]
[White "tom claxton"]
[Black "pclaxton"]
[Result "1-0"]
[WhiteCountry "ENG"]
[BlackCountry "ENG"]
[WhiteElo "1438"]
[WhiteRD "59"]
[BlackElo "1300"]
[BlackRD "64"]
[GameID "265439"]

1. e4 e5 2. Nf3 Nf6 3. Nc3 d6 4. Bc4 Be6 5. Bxe6 fxe6 6. d3 d5 7. Nxe5 dxe4 8. dxe4 Bd6 9. Ng4 Nxg4 10. Qxg4 O-O
11. Qxe6+ Kh8 12. f3 Nc6 13. Be3 Qh4+ 14. Bf2 Qg5 15. Nd5 Nd8 16. Qd7 Qxg2 17. Rg1 Qxf3 18. Qxg7#
1-0

[Event "friends of jacob"]
[Site "SchemingMind.com"]
[Date "2010.11.06"]
[Round "-"]
[White "tom claxton"]
[Black "Jacob"]
[Result "1-0"]
[WhiteCountry "ENG"]
[BlackCountry "MEX"]
[WhiteElo "1400"]
[WhiteRD "60"]
[BlackElo "1300"]
[BlackRD "91"]
[GameID "265440"]

1. d4 d5 2. Nf3 Nc6 3. Nc3 Nf6 4. Bg5 e5 5. Bxf6 Qxf6 6. dxe5 Nxe5 7. Qxd5 Qd6 8. Nxe5 Qxd5 9. Nxd5 Be6 10. Nxc7+ Kd8
11. Nxa8 Bd6 12. Rd1 Ke7 13. Nf3 Rxa8 14. e3 Bxa2 15. Bd3 Rc8 16. c3 a5 17. Bxh7 Bb3 18. Rd4 a4 19. O-O Rh8 20. Re4+ Kf6
21. Rd4 Ke6 22. Be4 f5 23. Bxb7 Be5 24. Ng5+ Kf6 25. Ne4+ fxe4 26. Rxe4 Rd8 27. h3 Bd1 28. Ba6 Rd2 29. Rb4 Be2 30. Rb6+ Kf5
31. Bxe2 Rxe2 32. Rb5 g5 33. g4+ Ke4 34. f3+ Kxe3 35. Rxe5+ Kd3 36. Rd1+ Kc2 37. Rxe2+ Kxd1 38. Re5 a3 39. bxa3 Kc2 40. c4 Kd3
41. c5 Kd4 42. Rxg5 Ke3 43. c6 Kxf3 44. c7 Kg3 45. c8=Q Kxh3 46. Qh8+ Kg3 47. Qh2+
1-0

[Event "friends of jacob"]
[Site "SchemingMind.com"]
[Date "2010.11.02"]
[Round "-"]
[White "Phillip Beckett"]
[Black "tom claxton"]
[Result "1-0"]
[WhiteCountry "ENG"]
[BlackCountry "ENG"]
[WhiteElo "1623"]
[WhiteRD "53"]
[BlackElo "1438"]
[BlackRD "59"]
[GameID "265441"]

1. e4 c5 2. Nf3 d6 3. d4 b6 4. dxc5 bxc5 5. Bc4 e6 6. O-O Ne7 7. e5 Nec6 8. exd6 Bxd6 9. Be3 Ba6 10. Qe2 Na5
11. Bxa6 Nxa6 12. Qxa6 O-O 13. Nc3 Qb6 14. Qxb6 axb6 15. Ne4 Bc7 16. Rfd1 Nc4 17. b3 Nb2 18. Rdb1 Rfd8 19. Rxb2 f6 20. c4 f5
21. Neg5 Re8 22. Rd1 h6 23. Nh3 e5 24. Rd7 Bd8 25. Rbd2 e4 26. Rb7 exf3 27. Rdd7 Bf6 28. Nf4 fxg2 29. Nd5 Bg5 30. Rxg7+ Kh8
31. Bxg5 hxg5 32. Rh7+ Kg8 33. Nf6+ Kf8 34. Rbf7#
1-0

[Event "friends of jacob"]
[Site "SchemingMind.com"]
[Date "2010.11.03"]
[Round "-"]
[White "yoponz"]
[Black "tom claxton"]
[Result "1-0"]
[WhiteCountry "ENG"]
[BlackCountry "ENG"]
[WhiteElo "1413"]
[WhiteRD "72"]
[BlackElo "1417"]
[BlackRD "58"]
[GameID "265442"]

1. e4 c5 2. Nf3 Nc6 3. d4 cxd4 4. Nxd4 Nxd4 5. Qxd4 d6 6. Nc3 e5 7. Qe3 Nf6 8. Bb5+ Bd7 9. Bxd7+ Qxd7 10. Nd5 Nxd5
11. exd5 Rc8 12. c3 b6 13. O-O Qb5 14. g3 Qxd5 15. Qe2 Qc5 16. Be3= Qd5 17. Rad1 Qxa2 18. f4 f6 19. fxe5 dxe5 20. Qg4 Rc4
21. Qd7#
1-0

[Event "friends of jacob"]
[Site "SchemingMind.com"]
[Date "2010.11.01"]
[Round "-"]
[White "pclaxton"]
[Black "tom claxton"]
[Result "0-1"]
[WhiteCountry "ENG"]
[BlackCountry "ENG"]
[WhiteElo "1300"]
[WhiteRD "64"]
[BlackElo "1438"]
[BlackRD "59"]
[GameID "265443"]

1. Nf3 d5 2. Nc3 Nf6 3. d3 Nc6 4. e3 d4 5. exd4 Nxd4 6. Nxd4 Qxd4 7. Be3 Qe5 8. d4 Qd6 9. Ne2 e5 10. c3 Bg4
11. h3 Bf5 12. f3 Rd8 13. Bg5 Be7 14. g4 Be6 15. f4 Ne4 16. Bxe7 Qxe7 17. fxe5 Qh4+ 18. Ng3 Qxg3+ 19. Ke2 Bc4+ 20. Qd3 Bxd3+
21. Kd1 Qf3+ 22. Ke1 Qf2+ 23. Kd1 Qd2#
0-1

[Event "friends of jacob"]
[Site "SchemingMind.com"]
[Date "2010.11.06"]
[Round "-"]
[White "Jacob"]
[Black "tom claxton"]
[Result "0-1"]
[WhiteCountry "MEX"]
[BlackCountry "ENG"]
[WhiteElo "1300"]
[WhiteRD "91"]
[BlackElo "1400"]
[BlackRD "60"]
[GameID "265444"]

1. e4 e6 2. d4 d5 3. Nc3 Bb4 4. exd5 Bxc3+ 5. bxc3 Qxd5 6. Qf3 Qxf3 7. Nxf3 Nf6 8. Bg5 Ne4 9. O-O-O Nxc3 10. Rd3 Nxa2+
11. Kb2 Nb4 12. Rc3 f6 13. Bf4 c6 14. Bxb8 Rxb8 15. Rc4 Nd5 16. c3 b5 17. Rxc6 b4 18. c4 Ne7 19. Rc7 a5 20. c5 O-O
21. Rxe7 Bb7 22. Bb5 Bxf3 23. gxf3 Rxb5 24. c6 a4 25. Rg1 g6 26. h4 Rc8 27. Rxe6 f5 28. h5 Kf7 29. Rge1 Rb6 30. Re7+ Kf6
31. R7e6+ Kg5 32. d5 Rb5 33. d6 Rxc6 34. hxg6 hxg6 35. d7 Rxe6 36. Rxe6 Rd5 37. Re7 Kf6 38. Rh7 Rd6 39. f4 Ke6 40. Rg7 Rxd7
41. Rxg6+ Kf7 42. Rb6 b3 43. Rh6 Rd2+ 44. Ka3 b2 45. Rh1 Rxf2 46. Rb1 Ke6
0-1

[Event "friends of jacob"]
[Site "SchemingMind.com"]
[Date "2010.11.13"]
[Round "-"]
[White "James Kelly"]
[Black "Phillip Beckett"]
[Result "0-1"]
[WhiteCountry "ENG"]
[BlackCountry "ENG"]
[WhiteElo "1230"]
[WhiteRD "100"]
[BlackElo "1694"]
[BlackRD "52"]
[GameID "266823"]

1. d4 d5 2. e3 Nf6 3. Bd3 e6 4. f4 c5 5. c3 Nc6 6. Nf3 Bd6 7. Nbd2 cxd4 8. cxd4 O-O 9. e4 dxe4 10. Nxe4 Nxe4
11. Bxe4 Bb4+ 12. Bd2 Bxd2+ 13. Qxd2 Bd7 14. O-O Qb6 15. b3 g6 16. Kh1 Rfd8 17. Rfd1= Nb4 18. Rac1 Bc6 19. Ng5 Nd5 20. Qe1 Rac8
21. Qh4 h5 22. g4 Ne3 23. gxh5 Bxe4+ 24. Kg1 Rxc1 25. Rxc1 Qxd4 26. Nxe4 Nf5+ 27. Qf2 Qxe4
0-1

[Event "friends of jacob"]
[Site "SchemingMind.com"]
[Date "2010.11.13"]
[Round "-"]
[White "James Kelly"]
[Black "tom claxton"]
[Result "0-1"]
[WhiteCountry "ENG"]
[BlackCountry "ENG"]
[WhiteElo "1230"]
[WhiteRD "100"]
[BlackElo "1417"]
[BlackRD "58"]
[GameID "266825"]

1. d4 d5 2. e3 e6 3. Bd3 Nf6 4. f4 Bd6 5. Nf3 Nbd7 6. c3 Ne4 7. c4 c6 8. c5 Bxc5 9. dxc5 Ndxc5 10. Qc2 f5
11. Nc3 g6 12. b4 Nxd3+ 13. Qxd3 Bd7 14. Bb2 Nxc3 15. Bxc3 Rg8 16. O-O Qb6 17. Ne5 Rd8 18. Nxd7 Kxd7 19. Rab1 h6 20. Bd4 Qc7
21. Bxa7 b6 22. Qa6 b5 23. Qb6 Ra8 24. Qxc7+ Kxc7 25. Bc5 Rxa2 26. Ra1 Rga8 27. Rxa2 Rxa2 28. g3 h5 29. Rf2 Rxf2 30. Kxf2 Kd7
31. h3 Ke8 32. g4 Kf7 33. Ke2 Kf6 34. g5+ Kg7 35. Kd3 Kf7 36. Kd4 Kg7 37. Ke5 Kf7 38. Kd6 e5 39. fxe5 Ke8 40. Kxc6 Kd8
0-1

[Event "friends of jacob"]
[Site "SchemingMind.com"]
[Date "2010.11.13"]
[Round "-"]
[White "James Kelly"]
[Black "pclaxton"]
[Result "0-1"]
[WhiteCountry "ENG"]
[BlackCountry "ENG"]
[WhiteElo "1230"]
[WhiteRD "100"]
[BlackElo "1351"]
[BlackRD "58"]
[GameID "266826"]

1. d4 d6 2. e3 e5 3. Bd3 c5 4. Nf3 b6 5. c3 Ba6 6. Bxa6 Nxa6 7. dxe5 f6 8. exf6 Qxf6 9. Qa4+ Kd8 10. Qxa6 Rb8
11. Qxa7 Kc8 12. Na3 Rb7 13. Qa6 Qg6 14. O-O Nf6 15. Nb5 Nd7 16. Rd1 Qc2 17. Qa8+ Nb8 18. Rxd6 Bxd6 19. Nxd6+ Kd8 20. Nxb7+ Kc7
21. h3 Qd1+ 22. Kh2 Rf8
0-1

[Event "friends of jacob"]
[Site "SchemingMind.com"]
[Date "2010.11.13"]
[Round "-"]
[White "Phillip Beckett"]
[Black "James Kelly"]
[Result "1-0"]
[WhiteCountry "ENG"]
[BlackCountry "ENG"]
[WhiteElo "1623"]
[WhiteRD "53"]
[BlackElo "1494"]
[BlackRD "135"]
[GameID "266828"]

1. e4 Nc6 2. d4 f5 3. exf5 d5 4. Qh5+ Kd7 5. Bb5 Nf6 6. Qf3 a6 7. Bxc6+ bxc6 8. g4 g5 9. fxg6 hxg6 10. g5 Ne4
11. Nc3 Ke8 12. Nxe4 dxe4 13. Qxe4 Bb7 14. Qxg6+ Kd7 15. Qf5+ Ke8 16. g6 c5 17. f3 Qxd4 18. Qf7+ Kd7 19. Bd2 Qxb2 20. Rd1 Qe5+
21. Ne2 Bg7 22. Bf4+
1-0

[Event "friends of jacob"]
[Site "SchemingMind.com"]
[Date "2010.11.13"]
[Round "-"]
[White "tom claxton"]
[Black "James Kelly"]
[Result "1-0"]
[WhiteCountry "ENG"]
[BlackCountry "ENG"]
[WhiteElo "1417"]
[WhiteRD "58"]
[BlackElo "1230"]
[BlackRD "100"]
[GameID "266830"]

1. d4 d6 2. e4 Nf6 3. f3 e6 4. e5 dxe5 5. dxe5 Qxd1+ 6. Kxd1 Nd5 7. c4 Nb6 8. b3 Bc5 9. Ne2 Nc6 10. Bf4 O-O
11. Nd2 Rd8 12. Rc1 Bb4 13. Nc3 Bxc3 14. Rxc3 Nd7 15. Kc2 Ndxe5 16. Bxe5 Nxe5 17. f4 Ng6 18. g3 e5 19. fxe5 Nxe5 20. h4 Bf5+
21. Kb2 Nd3+ 22. Bxd3 Rxd3 23. Rxd3 Bxd3 24. Re1 h6 25. Kc3 Bf5 26. a4 f6 27. Nf3 Bg4 28. Nh2 Bh5 29. g4 Re8 30. Rd1 Re3+
31. Kb4 Rh3 32. gxh5 Rxh2 33. Rd4 Kf7 34. Rd7+ Ke6 35. Rxc7 Rxh4 36. Rxg7 Rxh5 37. Rxb7 f5 38. Rxa7 f4 39. Ra8 Ke5 40. Ra5+ Ke4
41. Rxh5
1-0

[Event "friends of jacob"]
[Site "SchemingMind.com"]
[Date "2010.11.13"]
[Round "-"]
[White "pclaxton"]
[Black "James Kelly"]
[Result "1-0"]
[WhiteCountry "ENG"]
[BlackCountry "ENG"]
[WhiteElo "1351"]
[WhiteRD "58"]
[BlackElo "1230"]
[BlackRD "100"]
[GameID "266831"]

1. e4 Nc6 2. d4 d5 3. f3 Be6 4. c4 Nxd4 5. Qxd4 dxc4 6. Qxd8+ Rxd8 7. b3 cxb3 8. axb3 Bxb3 9. Rxa7 Rd1+ 10. Ke2 Rxc1
11. Nd2 Rc2 12. Rxb7 Bc4+ 13. Ke1 Bxf1 14. Nxf1 e6 15. Ne3 Rc6 16. Ne2 Bc5 17. Nc4 Bf2+ 18. Kxf2 Rxc4 19. Rd1 Ke7 20. Rd4 Rxd4
21. Nxd4 Nf6 22. Rxc7+ Kd6 23. Rxf7
1-0

[Event "friends of jacob"]
[Site "SchemingMind.com"]
[Date "2010.11.26"]
[Round "-"]
[White "Will Grummitt"]
[Black "Phillip Beckett"]
[Result "1-0"]
[WhiteCountry "ENG"]
[BlackCountry "ENG"]
[WhiteElo "1694"]
[WhiteRD "55"]
[BlackElo "1629"]
[BlackRD "53"]
[GameID "268047"]

1. e4 e5 2. Nf3 Nc6 3. Bb5 a6 4. Bxc6 dxc6 5. O-O Qd6 6. Na3 b5 7. c3 Bg4 8. d4 exd4 9. cxd4 O-O-O 10. Be3 f6
11. h3 Bd7 12. Nc2 Ne7 13. Qd2 Ng6 14. Qa5 Kb7 15. Nb4 Ra8 16. a3 Nf4 17. Bxf4 Qxf4 18. Rac1 Bxb4 19. Qxb4 Bxh3 20. Qc3 Bd7
21. d5 Qd6 22. dxc6+ Bxc6 23. Rfd1 Qe6 24. Nd4 Qxe4 25. Qxc6+ Qxc6 26. Rxc6 Rhd8 27. Rdc1 Rxd4 28. Rxc7+ Kb6 29. b4 Rd6 30. Rxg7 Ra7
31. Rxa7 Kxa7 32. Rc7+ Kb6 33. Rxh7 Rd3 34. Rh3 Rd1+ 35. Kh2 Rd2 36. Rf3 Rd6 37. Kh3 a5 38. bxa5+ Kxa5 39. Kh4 Ka4 40. g4 Re6
41. g5 fxg5+ 42. Kxg5 Re5+ 43. Kg4 Re1 44. Rg3 Ra1 45. f4 Rxa3 46. Rxa3+ Kxa3 47. f5 b4 48. f6 b3 49. f7 b2 50. f8=Q+ Ka2
51. Qa8+ Kb1 52. Kf3 Kc2 53. Qc6+ Kb3 54. Qb5+ Ka2 55. Qa4+ Kb1= 56. Ke3 Kc1 57. Qc4+ Kb1 58. Kd3 Ka1 59. Qa4+ Kb1 60. Kc3
1-0

[Event "friends of jacob"]
[Site "SchemingMind.com"]
[Date "2010.11.29"]
[Round "-"]
[White "Will Grummitt"]
[Black "yoponz"]
[Result "1-0"]
[WhiteCountry "ENG"]
[BlackCountry "ENG"]
[WhiteElo "1905"]
[WhiteRD "57"]
[BlackElo "1454"]
[BlackRD "67"]
[GameID "268048"]

1. d4 d6 2. e4 e5 3. Nf3 Nc6 4. Bb5 Bd7 5. d5 Nce7 6. Bxd7+ Qxd7 7. O-O O-O-O 8. Nc3 Nf6 9. h3 Ng6 10. Bg5 Qe7
11. Qe2 Kb8 12. Qb5 Qd7 13. Qxd7 Rxd7 14. Bxf6 gxf6 15. Rfe1 Kc8= 16. Nd2 c6 17. Re3 Bh6 18. Rd3 Nf4 19. Rf3 Ne2+ 20. Nxe2 Bxd2
21. Rxf6 Kc7 22. dxc6 Kxc6 23. Rd1 Bg5 24. Rf3 d5 25. Rc3+ Kb6 26. Rxd5 Rxd5 27. exd5 Bd2 28. Rb3+ Kc7 29. g3 Rd8 30. c4 b5
31. Rxb5 e4 32. Nd4 Rd6 33. Rc5+ Kd7 34. Nb5 Ra6 35. Rc7+ Kd8 36. Rxa7 Rf6 37. Nd4 Be1 38. Nc6+ Ke8 39. Re7+ Kf8 40. Rxe4 Bxf2+
41. Kg2 Bc5 42. Rf4 Rxf4 43. gxf4 Be3 44. Kf3 Bc1 45. b3 Bb2 46. Ke4 Ke8 47. a4 Kd7 48. a5 Kc7 49. a6 Kc8 50. a7 Kb7
51. b4 h6 52. b5 Ba3 53. Ke5 Bc5 54. d6 Bxd6+ 55. Kxd6 f5 56. c5 h5 57. h4 Ka8 58. b6 Kb7 59. Na5+ Ka8 60. b7+ Kxa7
61. Kc7 Ka6 62. Nc6 Kb5 63. Kd6 Ka6 64. Kc7
1-0

[Event "friends of jacob"]
[Site "SchemingMind.com"]
[Date "2010.11.26"]
[Round "-"]
[White "Will Grummitt"]
[Black "tom claxton"]
[Result "1-0"]
[WhiteCountry "ENG"]
[BlackCountry "ENG"]
[WhiteElo "1709"]
[WhiteRD "56"]
[BlackElo "1438"]
[BlackRD "59"]
[GameID "268049"]

1. e4 d6 2. d4 g6 3. Nf3 Bg4 4. h3 Bxf3 5. Qxf3 f6 6. Nc3 e5 7. d5 Bh6 8. Bxh6 Nxh6 9. Bd3 c6 10. O-O Rf8
11. Rad1 cxd5 12. Nxd5 f5 13. Bb5+ Nd7 14. exf5 gxf5 15. Qh5+ Nf7 16. Bxd7+ Qxd7 17. Nf6+ Kd8 18. Nxd7 Kxd7 19. Qxf5+ Ke8 20. Qxh7 Rc8
21. c3 Ng5 22. Qh5+ Nf7 23. Rxd6 Rc5 24. Rfd1 Ke7 25. Qh4+ Ke8 26. Qf6 Nxd6 27. Qxd6 Rc8 28. Qd7#
1-0